Statistics for Magic: The Gathering (MTG) Commander Ban List

Click here to take the quiz!

General Stats

  • This quiz has been taken 35 times
  • The average score is 32 of 45

Answer Stats

Year BannedDescriptionAnswer% Correct
2005free artifact that you can tap to add a G to your mana poolMox Emerald
100%
2005free artifact that you can sac to add 3 mana of any one colorBlack Lotus
96%
2005free artifact that you can tap to add a R to your mana poolMox Ruby
96%
2005free artifact that you can tap to add a U to your mana poolMox Sapphire
96%
2005sorcery that lets you take an extra turn for 2 manaTime Walk
96%
2005free artifact that you can tap to add a B to your mana poolMox Jet
93%
2005free artifact that you can tap to add a W to your mana poolMox Pearl
93%
2005for each type of permanent, determine which player has the fewest of that type, then all players who have more have to sacrifice until they have the same number of that permanent type as that player.Balance
89%
2005flip this artifact card onto the table and destroy every permanent that it is touching afterwardChaos Orb
89%
2010this creature can't be countered. if you cast it, you can take an extra turn. protection from colored spells. annihilator 6. if it goes to the graveyard, shuffle your graveyard into your libraryEmrakul, the Aeons Torn
89%
2021colorless creature. when it etbs, search your deck for a land and put it in play. If you pay 2WUBRG, you exile the top 3 cards of your deck and can play them without paying mana this turn.Golos, Tireless Pilgrim
89%
2012big flying lifelink creature. pay 7 life to draw 7 cardsGriselbrand
89%
2012when this creature etbs or attacks search your deck for 2 lands and put them into play tappedPrimeval Titan
89%
2008artifact that lets you tap to take an extra turn but doesn't untap normallyTime Vault
89%
2005draw three cards for 1 manaAncestral Recall
86%
2010during this turn you may pay life to add colorless mana to your mana poolChannel
86%
2007you win if you control a land of each land type and a creature of each colorCoalition Victory
86%
2010tap this land to add a U mana for each artifact you controlTolarian Academy
86%
2009/ 2014at the beginning of each players upkeep, that player sacs either a land, creature, or artifactBraids, Cabal Minion
82%
2005if you have exactly 7 cards in hand, you can tap this land to draw a cardLibrary of Alexandria
79%
2009sac an artifact to search your deck for an artifact and put it on the battlefieldTinker
79%
2021if an opponent would draw extra cards, instead you create a treasure token for each card they would drawHullbreacher
75%
2020companion which requires only 1 copy of each non-land card in your deck. flash. when it etbs, copy an instant or sorcery you control on the stack.Lutri, the Spellchaser
75%
2019when you cast a spell, untap all nonland permanents you controlParadox Engine
75%
2020instant that lets you put a creature onto the battlefield, but you must pay the creatures mana cost or else you have to sacrifice it.Flash
71%
2009search your deck for up to 4 cards then show them to an opponent. that person chooses 2 to put in your graveyard. the rest go to your handGifts Ungiven
71%
2008tap this land to return a legendary creature to its owner's handKarakas
71%
2005/2011play a game within the game and the loser(s) of that game loses half of their life in the main gameShahrazad
71%
2012when this creature enters or leaves the battlefield: destroy one land of each basic land typeSundering Titan
68%
2019when this creature etbs choose a color. Your opponents can't cast spells of that color.Iona, Shield of Emeria
64%
2005each players life total becomes equal to the number of creatures they controlBiorhythm
61%
2005flip this sorcery card onto the table, then deal 3 damage to each creature that it is touching afterwardFalling Star
61%
2009you can play as many lands as you want each turn. for each extra land you play this way, you lose one lifeFastbond
61%
2008sac a creature and return this enchantment to hand to return a creature from your graveyard to the battlefieldRecurring Nightmare
61%
2005return all permanents to their owners handsUpheaval
61%
2006enchantment that lets you pay a life to draw a cardYawgmoth's Bargain
57%
2016untap all of your creatures and lands at each players untap step, you my cast spells at instant speedProphet of Kruphix
50%
2017your opponents can only draw one card per turn. when a permanent you control becomes targeted, draw a card.Leovold, Emissary of Trest
46%
2005you can tap this artifact to exile an instant or sorcery from your hand, then at the beginning of your upkeep you can cast that spell for freePanoptic Mirror
39%
2007/ 2010/ 2014tap this creature to add a G mana for each forest you controlRofellos, Llanowar Emissary
39%
2008when this enters the battlefield, each player sacs lands until they have 5 or less, then no one can play lands if there are 10 or more lands in playLimited Resources
36%
2013target opponent draws 2 cards then you may draw up to 4 cards. repeat as many times as that opponent choosesTrade Secrets
36%
2011/2014if 4 spells are cast in a turn flip this. on the flip side: counter the first spell an opponent casts each turn.Erayo, Soratami Ascendant
32%
2013when this creature etbs, destroy a non-creature permanent for each opponent, and then search your deck for a forest for each permanent destroyed this way and put them onto the battlefield.Sylvan Primordial
32%
2005each player shuffles their hand, graveyard, and permanents they control into their library and then draws 7 and their life total becomes 7Sway of the Stars
29%

Score Distribution

Percentile by Number Answered

Percent of People with Each Score

Your Score History

You have not taken this quiz